LIBRARY & INFORMATION CENTRE, KCAET, TAVANUR

ONLINE PUBLIC ACCESS CATALOGUE (OPAC)

Modern electric traction / (Record no. 9015)

MARC details
000 -LEADER
fixed length control field 00374cam a2200157ua 4500
003 - CONTROL NUMBER IDENTIFIER
control field OSt
008 - FIXED-LENGTH DATA ELEMENTS--GENERAL INFORMATION
fixed length control field 241231b |||||||| |||| 00| 0 eng d
041 ## - LANGUAGE CODE
Language code of text/sound track or separate title eng
082 ## - DEWEY DECIMAL CLASSIFICATION NUMBER
Classification number 621.33
Item number PAR/MO
100 ## - MAIN ENTRY--AUTHOR NAME
Personal name Partab, H .
245 ## - TITLE STATEMENT
Title Modern electric traction /
250 ## - EDITION STATEMENT
Edition statement 1 /
260 ## - PUBLICATION, DISTRIBUTION, ETC. (IMPRINT)
Place of publication Delhi :
Name of publisher Dhanpath Rai and sons ,
Year of publication 1985.
300 ## - PHYSICAL DESCRIPTION
Number of Pages 760 ; .
942 ## - ADDED ENTRY ELEMENTS (KOHA)
Koha item type Books
Holdings
Withdrawn status Lost status Damaged status Home library Current library Date acquired Full call number Accession Number Koha item type
      KAUAET KAUAET 07/04/2012 621.33 PAR/MO 18801 Books
      KAUAET KAUAET 07/04/2012 621.33 PAR/MO 18802 Books
free website counter